000 01134nam a2200301 a 4500
001 000045948
003 DO-SdBNP
005 20240305101124.0
007 ta
008 150603e2015 dr ade gr 001 edspa d
020 _a9789945082654
040 _aDO-SdBNP
_bspa
_cBNPHU
082 4 _222
_bM878c
100 1 _aMorrison, Milton,
_d1975-
_910874
245 1 0 _aConfusiones, intereses y debates :
_bla realidad eléctrica dominicana /
_cMilton Morrison ; presentación, Cándida Acosta.
260 _aSanto Domingo :
_bBúho,
_c2015
300 _a223 p. :
_bil., gráf., mapas ;
_c23 cm.
500 _aIncluye datos biográficos del autor en las solapas de las cubiertas.
500 _aÍndice de fechas de publicaciones
590 _aInventariado 2023 / MF
650 4 _98321
_aEnergía Eléctrica
_zRepública Dominicana
650 4 _977833
_aSector eléctrico
_zRepública Dominicana
650 4 _97935
_aEmpresas Eléctrica
_zRepública Dominicana
650 4 _99664
_aDemanda de Energía Eléctrica
_xEstadísticas
_zRepública Dominicana
700 1 2 _aAcosta, Cándida,
_epres.
_974019
910 _aMFeliz
942 _2ddc
_cLBS1
999 _c45437
_d45437